Martin Luther : (Record no. 9168)
[ view plain ]
| 000 -LEADER | |
|---|---|
| fixed length control field | 00565nam a22002052 4500 |
| 001 - CONTROL NUMBER | |
| control field | 0000020052 |
| 005 - DATE AND TIME OF LATEST TRANSACTION | |
| control field | 20151217152206.0 |
| 008 - FIXED-LENGTH DATA ELEMENTS--GENERAL INFORMATION | |
| fixed length control field | 110531s xx 000 0 eng d |
| 020 ## - INTERNATIONAL STANDARD BOOK NUMBER | |
| International Standard Book Number | 0143114307 : |
| 040 ## - CATALOGING SOURCE | |
| Original cataloging agency | KABU |
| Transcribing agency | KABU |
| 100 1# - MAIN ENTRY--PERSONAL NAME | |
| Personal name | Marty, Martin. |
| -- | 0000180104 |
| 245 10 - TITLE STATEMENT | |
| Title | Martin Luther : |
| Remainder of title | a life / |
| Statement of responsibility, etc. | Martin Marty. |
| 250 ## - EDITION STATEMENT | |
| Edition statement | 1st ed. |
| 260 ## - PUBLICATION, DISTRIBUTION, ETC. (IMPRINT) | |
| Place of publication, distribution, etc. | New York : |
| Name of publisher, distributor, etc. | Penguin, |
| Date of publication, distribution, etc. | 2008. |
| 300 ## - PHYSICAL DESCRIPTION | |
| Extent | xv, 199 p. |
| 600 10 - SUBJECT ADDED ENTRY--PERSONAL NAME | |
| Personal name | Luther, Martin. |
| -- | 0000180105 |
| 852 1# - LOCATION | |
| -- | p990 KES |
| 908 ## - PUT COMMAND PARAMETER (RLIN) | |
| Put command parameter | 110531 |
| 950 ## - LOCAL HOLDINGS (RLIN) | |
| -- | 1 |
| Withdrawn status | Lost status | Source of classification or shelving scheme | Not for loan | Home library | Current library | Date acquired | Total Checkouts | Full call number | Barcode | Date last seen | Price effective from | Koha item type |
|---|---|---|---|---|---|---|---|---|---|---|---|---|
| Library of Congress Classification | Kabarak, Main Campus | Kabarak, Main Campus | 17/12/2015 | BR325 .M36 2008 c. 1 | 18936 | 17/12/2015 | 17/12/2015 | General Collection |